00981 2200361 4500001002100000005001500021035002000036007000300056040001700059100002800076245007500104250001000179300003100189020002200220041000800242082000800250084001400258090001400272264003800286336002100324337003000345338002300375650001100398700003700409850001000446008004100456990002200497990001800519990001800537990002300555990002200578990001900600INLIS00000000000870820260518110315 a0010-1022000083ta aSBPUPADbind0 aRasyid AkbarePengarang1 aMisteri Alunan Biola /cPengarang; Rasyid Akbar, Ilustrator; Syafrudin acet,1 a112 hlm :bilus ;c20,5 cm a978-979-063-686-607aind a398 a398 RAS m a398 RAS m aJakarta; :bBalai Pustaka;,c2011 2rdacontentateks 2rdamediaatanpa perantara 2rdacarrieravolume 4asastra0 aIlustrator; SyafrudinePengarang aPUPAD260518 0  a25.223/B/DPK/2017 a18995/BR/2013 a18995/BR/2013 a36.080/Br/DPK/2021 a25.224/B/DPK/2017 a18.993/BR/2013